Statistics for All Serie A teams ever

Click here to take the quiz!

General Stats

  • This quiz has been taken 35 times
  • The average score is 43 of 68

Answer Stats

Answers% Correct
Inter
100%
Juventus
100%
Lazio
100%
Milan
100%
Napoli
96%
Torino
96%
Atalanta
92%
Fiorentina
92%
Hellas Verona
92%
Palermo
92%
Parma
92%
Roma
92%
Udinese
92%
Bari
88%
Bologna
88%
Sampdoria
88%
Venezia
88%
Genoa
79%
Cagliari
75%
Chievo Verona
75%
Lecce
71%
Brescia
67%
Catania
67%
Empoli
63%
Livorno
63%
Messina
63%
Modena
63%
Pescara
63%
Pisa
63%
Sassuolo
63%
Vicenza
63%
Como
58%
Cremonese
58%
Monza
58%
Perugia
58%
Piacenza
58%
Reggina
58%
Salernitana
58%
Spezia
58%
Triestina
58%
Cesena
54%
Crotone
54%
Foggia
54%
Novara
54%
Pro Vercelli
54%
Reggiana
54%
Siena
54%
SPAL
54%
Benevento
50%
Catanzaro
50%
Frosinone
50%
Padova
50%
Alessandria
46%
Ancona
46%
Ascoli
46%
Carpi
46%
Lecco
46%
Varese
46%
Avellino
42%
Pistoiese
42%
Treviso
42%
Casale
38%
Ternana
38%
Lucchese
33%
Pro Patria
33%
Legnano
29%
Mantova
29%
Sampierdarenese
25%

Score Distribution

Percentile by Number Answered

Percent of People with Each Score

Your Score History

You have not taken this quiz